Statistics for Guess The K-pop Song 2023

Click here to take the quiz!

General Stats

  • This quiz has been taken 58 times
  • The average score is 8 of 24

Answer Stats

HintAnswer% Correct
Naevis CallingNext Level
74%
1,2,3,4,5,6,7Eleven
70%
Red Five DiamondsMy Bag
67%
Risky Risky Wiggy WigiI cant stop me
63%
Cause I'm gonna break outAntifragile
52%
Like Swan Swan SwanSecret story of the swan
48%
Neither man nor womanTomboy
48%
Sum ChagoLove Dive
43%
Here We Go!Up!
43%
Come and take a lookieCookie
41%
Are you ready for this?Zimzalabim
37%
Cause its youBlue Hour
30%
Let me be your superheroO.O
28%
We go up but you stay downHelicopter
22%
Nah, I don't need no manNxde
22%
I'm so young I'm YoungYoung luv
22%
ae banjjog ani wanjeon copyASAP
15%
Don't Let me Down Down DownPanorama
15%
soljighan geoyaAfter Like
13%
I just wanna hear your mineHype Boy
13%
nog-adeun strawberry geu masRed Flavor
11%
allalalla, heundeulheundeul son heundeulgoCatallena
9%
I just wanna stayStay this way
7%
nae ileum syupeo syupeoSuper Yuppers!
4%

Score Distribution

Percentile by Number Answered

Percent of People with Each Score

Your Score History

You have not taken this quiz